000
00321nam a2200133Ia 4500
003
OSt
008
191201s2017 xx 000 0 und d
100
_a
SHARMA, Puran Chand
245
0
_a
Shavarnim Haryana
260
_a
N. Delhi
_b
Haryana Granth Academy
_c
2017
300
_a
213
650
_a
General Books
942
_2
ddc
_c
BK
999
_c
6711
_d
6711